000 00530nas a22001697a 4500
999 _c162292
_d162292
005 20190309130556.0
006 a|||||r|||| 00| 0
007 ta
008 140904b xxu||||| |||| 00| 0 eng d
022 _a1424-8220
245 _aISSS journal of micro and smart systems :
_ba technical publication of the institute of smart structures and sysyems
_cedited by B. Dattaguru
260 _aNew Delhi
_bSpringer India
300 _av.
_c26 cm (Pbk)
310 _aQuarterly
700 _aDattaguru, B.
942 _2ddc
_cSR
_s1
_mISS